[Event "GBR-ch111 Over 50"]
[Site "Liverpool"]
[Date "2025.08.07"]
[Round "4.18"]
[White "Betts, Richard"]
[Black "Baer, Bruce L"]
[Result "0-1"]
[WhiteElo "1808"]
[BlackElo "1938"]
[PlyCount "48"]
[EventDate "2025.08.04"]
[EventType "swiss"]
[EventRounds "7"]
[EventCountry "GBR"]
[SourceTitle "BritBase"]
[Source "John Saunders"]
[SourceDate "2025.08.11"]
[SourceVersion "1"]
[SourceVersionDate "2025.08.11"]
[SourceQuality "1"]

1. e4 g6 2. d4 Bg7 3. c4 d6 4. Nc3 e5 5. Be3 exd4 6. Bxd4 Nf6 7. Be2 Nc6 8. Be3 O-O 9. Qd2 Re8 10. f3 a6 11. g4 Be6 12. h4 Ne5 13. Nd5 Bxd5 14. cxd5 Nexg4 15. Bg5 h6 16. Bxf6 Nxf6 17. O-O-O Qe7 18. Bd3 c5 19. dxc6 bxc6 20. Ne2 d5 21. exd5 Nxd5 22. Be4 Rab8 23. Nd4 Qc5+ 24. Kb1 Nc3+ 0-1

[Event "GBR-ch111 Over 50"]
[Site "Liverpool"]
[Date "2025.08.07"]
[Round "4.19"]
[White "Gardiner, Eric D"]
[Black "Kelly, Richard"]
[Result "1-0"]
[WhiteElo "1869"]
[BlackElo "1787"]
[PlyCount "103"]
[EventDate "2025.08.04"]
[EventType "swiss"]
[EventRounds "7"]
[EventCountry "GBR"]
[SourceTitle "BritBase"]
[Source "John Saunders"]
[SourceDate "2025.08.11"]
[SourceVersion "1"]
[SourceVersionDate "2025.08.11"]
[SourceQuality "1"]

1. d4 Nf6 2. Bg5 d5 3. Bxf6 exf6 4. e3 Bf5 5. Bd3 Qd7 6. Ne2 g6 7. Ng3 Bxd3 8. Qxd3 f5 9. Nd2 Bg7 10. O-O-O Nc6 11. c3 O-O-O 12. Nb3 Bf8 13. Kb1 Kb8 14. Ne2 Bd6 15. Nf4 Ne7 16. g3 g5 17. Ne2 Qe6 18. h4 h6 19. Nc5 Bxc5 20. dxc5 c6 21. Qd4 Ng6 22. Kc1 Rde8 23. Rh2 Ne5 24. hxg5 hxg5 25. Rxh8 Rxh8 26. f4 Ng6 27. fxg5 Re8 28. Nf4 Qxe3+ 29. Qxe3 Rxe3 30. Rd3 Re5 31. Kd2 Kc8 32. Re3 Re4 33. Rf3 Kd7 34. Nxg6 fxg6 35. Rf4 Ke6 36. Kd3 Ke5 37. Rf3 a6 38. a3 Re1 39. Re3+ Rxe3+ 40. Kxe3 a5 41. a4 Ke6 42. Kd4 Kd7 43. Ke5 Ke7 44. b3 Kd7 45. Kf6 b6 46. cxb6 c5 47. Ke5 d4 48. cxd4 cxd4 49. Kxd4 Kc6 50. Ke5 Kxb6 51. Kf6 Kc5 52. Kxg6 1-0

[Event "GBR-ch111 Over 50"]
[Site "Liverpool"]
[Date "2025.08.07"]
[Round "4.20"]
[White "Wheeler, Tim"]
[Black "Potter, Steven"]
[Result "1-0"]
[WhiteElo "1784"]
[BlackElo "1855"]
[PlyCount "115"]
[EventDate "2025.08.04"]
[EventType "swiss"]
[EventRounds "7"]
[EventCountry "GBR"]
[SourceTitle "BritBase"]
[Source "John Saunders"]
[SourceDate "2025.08.11"]
[SourceVersion "1"]
[SourceVersionDate "2025.08.11"]
[SourceQuality "1"]

1. e4 e6 2. d4 b6 3. Bd3 Bb7 4. Qe2 c5 5. c3 Be7 6. Nf3 Nf6 7. O-O Nc6 8. a3 Na5 9. Nbd2 c4 10. Bc2 Qc7 11. Re1 b5 12. h3 a6 13. Rb1 Rc8 14. e5 Nd5 15. Ne4 f5 16. exf6 Nxf6 17. Nfg5 Bxe4 18. Nxe4 Nb3 19. Nxf6+ Bxf6 20. Qh5+ g6 21. Bxg6+ hxg6 22. Qxg6+ Ke7 23. Bg5 Bxg5 24. Qxg5+ Kf7 25. Re3 Nd2 26. Rg3 Rcg8 27. Qxd2 Rxg3 28. fxg3 Qxg3 29. Qf2+ Qxf2+ 30. Kxf2 Kf6 31. Rh1 Kf5 32. Kf3 d5 33. g4+ Kg5 34. h4+ Kg6 35. Rh2 Rf8+ 36. Ke3 Rf1 37. h5+ Kg5 38. h6 Rf8 39. h7 Rh8 40. Kf3 Rf8+ 41. Kg3 Rh8 42. Rh5+ Kg6 43. Kf4 Kf6 44. g5+ Kg7 45. Rh6 a5 46. Ke5 b4 47. Kxe6 bxa3 48. bxa3 a4 49. Kxd5 Rd8+ 50. Kxc4 Kh8 51. d5 Rc8+ 52. Kd4 Rf8 53. g6 Rf4+ 54. Kc5 Rg4 55. c4 Rg3 56. d6 Rg5+ 57. Kc6 Rg4 58. c5 1-0

[Event "GBR-ch111 Over 50"]
[Site "Liverpool"]
[Date "2025.08.07"]
[Round "4.21"]
[White "Sykes, Chris"]
[Black "Kenning, Paul H"]
[Result "1/2-1/2"]
[WhiteElo "1903"]
[BlackElo "1764"]
[PlyCount "53"]
[EventDate "2025.08.04"]
[EventType "swiss"]
[EventRounds "7"]
[EventCountry "GBR"]
[SourceTitle "BritBase"]
[Source "John Saunders"]
[SourceDate "2025.08.11"]
[SourceVersion "1"]
[SourceVersionDate "2025.08.11"]
[SourceQuality "1"]

1. d4 d5 2. Bf4 Nf6 3. e3 c5 4. Nd2 Nc6 5. Ngf3 e6 6. c3 cxd4 7. exd4 Nh5 8. Bg3 g6 9. Bd3 Be7 10. Ne5 O-O 11. Ndf3 f6 12. Nxc6 bxc6 13. Qd2 a5 14. Qe2 Ra7 15. O-O-O Bd6 16. Kb1 Nf4 17. Bxf4 Bxf4 18. h4 Rff7 19. h5 g5 20. g3 Bd6 21. Nh2 e5 22. Ng4 Bxg4 23. Qxg4 e4 24. Bc2 Qd7 25. Qxd7 Raxd7 26. Bb3 Kg7 27. Rhe1 1/2-1/2

[Event "GBR-ch111 Over 50"]
[Site "Liverpool"]
[Date "2025.08.07"]
[Round "4.22"]
[White "Matthews, Adrian MS"]
[Black "Swiatkowski, Aram"]
[Result "1/2-1/2"]
[WhiteElo "1796"]
[BlackElo "1844"]
[PlyCount "51"]
[EventDate "2025.08.04"]
[EventType "swiss"]
[EventRounds "7"]
[EventCountry "GBR"]
[SourceTitle "BritBase"]
[Source "John Saunders"]
[SourceDate "2025.08.11"]
[SourceVersion "1"]
[SourceVersionDate "2025.08.11"]
[SourceQuality "1"]

1. e4 e6 2. d4 d5 3. e5 c5 4. c3 Nc6 5. Nf3 cxd4 6. cxd4 f6 7. Nc3 fxe5 8. Nxe5 Nf6 9. Bg5 Bd6 10. Bb5 O-O 11. Ng4 Be7 12. Bxf6 Bxf6 13. Bxc6 bxc6 14. O-O Rb8 15. Rb1 Rb4 16. Ne5 Qb6 17. Ne2 Bxe5 18. dxe5 Rxb2 19. Qc1 Rxb1 20. Qxb1 Rf5 21. Qxb6 axb6 22. Nd4 Ba6 23. Nxf5 Bxf1 24. Ne7+ Kf7 25. Nxc6 Bc4 26. a3 1/2-1/2

[Event "GBR-ch111 Over 50"]
[Site "Liverpool"]
[Date "2025.08.07"]
[Round "4.23"]
[White "Faulkner, Martin J"]
[Black "Miller, Jonathan"]
[Result "1-0"]
[WhiteElo "1818"]
[BlackElo "1573"]
[PlyCount "71"]
[EventDate "2025.08.04"]
[EventType "swiss"]
[EventRounds "7"]
[EventCountry "GBR"]
[SourceTitle "BritBase"]
[Source "John Saunders"]
[SourceDate "2025.08.11"]
[SourceVersion "1"]
[SourceVersionDate "2025.08.11"]
[SourceQuality "1"]

1. c4 Nf6 2. Nc3 g6 3. e4 d6 4. d4 Bg7 5. h3 Nbd7 6. Nf3 c6 7. Be3 Qc7 8. Be2 e5 9. d5 c5 10. Qd2 a6 11. a4 Qa5 12. O-O O-O 13. Qc2 Nh5 14. g3 Re8 15. Nh4 Bf6 16. Ng2 Ng7 17. Qd2 Qd8 18. h4 h5 19. Rae1 Nf8 20. Bg5 Bxg5 21. hxg5 Bh3 22. f4 Nh7 23. f5 gxf5 24. exf5 Bxf5 25. Nh4 Bg6 26. Nxg6 fxg6 27. Ne4 Rf8 28. g4 h4 29. Rxf8+ Qxf8 30. Rf1 Qe7 31. Nf6+ Kh8 32. Bd3 Rf8 33. Bxg6 Nxf6 34. gxf6 Rxf6 35. Qh6+ Kg8 36. Qh7+ 1-0

[Event "GBR-ch111 Over 50"]
[Site "Liverpool"]
[Date "2025.08.07"]
[Round "4.24"]
[White "Letton, Rob"]
[Black "Morrison, Munroe L"]
[Result "1-0"]
[WhiteElo "1711"]
[BlackElo "1806"]
[PlyCount "29"]
[EventDate "2025.08.04"]
[EventType "swiss"]
[EventRounds "7"]
[EventCountry "GBR"]
[SourceTitle "BritBase"]
[Source "John Saunders"]
[SourceDate "2025.08.11"]
[SourceVersion "1"]
[SourceVersionDate "2025.08.11"]
[SourceQuality "1"]

1. e4 c5 2. Nc3 Nc6 3. f4 e6 4. Bb5 Nge7 5. Nf3 d5 6. exd5 exd5 7. O-O a6 8. Bxc6+ Nxc6 9. Ne5 Be7 10. Nxc6 bxc6 11. b3 O-O 12. Ba3 d4 13. Na4 Qa5 14. d3 Be6 15. Qe1 1-0

[Event "GBR-ch111 Over 50"]
[Site "Liverpool"]
[Date "2025.08.07"]
[Round "4.25"]
[White "Richards, Simon"]
[Black "Graff, Ben"]
[Result "1/2-1/2"]
[WhiteElo "1697"]
[BlackElo "1809"]
[PlyCount "36"]
[EventDate "2025.08.04"]
[EventType "swiss"]
[EventRounds "7"]
[EventCountry "GBR"]
[SourceTitle "BritBase"]
[Source "John Saunders"]
[SourceDate "2025.08.11"]
[SourceVersion "1"]
[SourceVersionDate "2025.08.11"]
[SourceQuality "1"]

1. Nc3 d5 2. d4 Nf6 3. Bf4 Bf5 4. e3 e6 5. Nf3 a6 6. Ne5 Nbd7 7. g4 Bg6 8. h4 h5 9. Nxg6 fxg6 10. g5 Ng8 11. Bh3 c6 12. Bxe6 Qe7 13. Bxd5 cxd5 14. Nxd5 Qe4 15. Nc7+ Kd8 16. f3 Qc6 17. Nxa8 Bd6 18. Bxd6 Qxd6 1/2-1/2

[Event "GBR-ch111 Over 50"]
[Site "Liverpool"]
[Date "2025.08.07"]
[Round "4.26"]
[White "Weersing, Nathan"]
[Black "Wilson, Matthew R"]
[Result "0-1"]
[WhiteElo "1665"]
[BlackElo "1784"]
[PlyCount "68"]
[EventDate "2025.08.04"]
[EventType "swiss"]
[EventRounds "7"]
[EventCountry "GBR"]
[SourceTitle "BritBase"]
[Source "John Saunders"]
[SourceDate "2025.08.11"]
[SourceVersion "1"]
[SourceVersionDate "2025.08.11"]
[SourceQuality "1"]

1. e4 c5 2. Nf3 e6 3. Be2 d6 4. c3 Nf6 5. e5 dxe5 6. Nxe5 Nbd7 7. Qa4 Qc7 8. d4 cxd4 9. cxd4 Qxc1+ 10. Qd1 Qxd1+ 11. Bxd1 Bb4+ 12. Ke2 O-O 13. a3 Ba5 14. b4 Bb6 15. Nf3 Nd5 16. Re1 a5 17. b5 a4 18. Bc2 N7f6 19. Kf1 Bd7 20. Bd3 Ra5 21. Nbd2 Bxb5 22. Bxb5 Rxb5 23. Nc4 Ba5 24. Reb1 Rxb1+ 25. Rxb1 b6 26. Nxa5 bxa5 27. Rb5 Ra8 28. Ne5 Nc3 29. Rb7 Rf8 30. Nc4 h5 31. Nxa5 Rc8 32. Rb4 Nfd5 33. Rb7 Ne4 34. Rb2 Nf4 0-1

[Event "GBR-ch111 Over 50"]
[Site "Liverpool"]
[Date "2025.08.07"]
[Round "4.27"]
[White "Polanyk, John"]
[Black "Rooney, Derek"]
[Result "0-1"]
[WhiteElo "1771"]
[BlackElo "1658"]
[PlyCount "114"]
[EventDate "2025.08.04"]
[EventType "swiss"]
[EventRounds "7"]
[EventCountry "GBR"]
[SourceTitle "BritBase"]
[Source "John Saunders"]
[SourceDate "2025.08.11"]
[SourceVersion "1"]
[SourceVersionDate "2025.08.11"]
[SourceQuality "1"]

1. e4 g6 2. d4 Bg7 3. c4 d6 4. Nc3 Nd7 5. f3 e5 6. Nge2 Qh4+ 7. g3 Qd8 8. d5 Ne7 9. Be3 a6 10. Qd2 h6 11. O-O-O Rb8 12. h4 b5 13. cxb5 axb5 14. h5 g5 15. Bg2 Nb6 16. Bxb6 Rxb6 17. Rdf1 Bd7 18. f4 exf4 19. gxf4 g4 20. e5 Bf5 21. Ng3 Qa8 22. Nxf5 Nxf5 23. exd6 cxd6 24. Re1+ Kf8 25. Kb1 b4 26. Nd1 Ra6 27. b3 Nd4 28. Re3 Bf6 29. Rhe1 Kg7 30. Rd3 Nb5 31. Ne3 Nc3+ 32. Rxc3 bxc3 33. Qc2 Re8 34. Nf5+ Kh8 35. Rd1 Rc8 36. Rc1 Bg7 37. Ne7 Re8 38. Nc6 Re3 39. f5 Qe8 40. Bf1 Ra3 41. Nb4 Re1 42. Nd3 Rxc1+ 43. Nxc1 Qe3 44. Nd3 Qg1 45. Qg2 c2+ 46. Kc1 Qxg2 47. Bxg2 Rxa2 48. Nb4 Ra1+ 49. Kxc2 Rg1 50. Be4 Bd4 51. Nc6 Bb6 52. Kd3 Kg7 53. Ne7 Kf6 54. Nc6 Kg5 55. Kc4 Kf4 56. Bd3 g3 57. f6 g2 0-1

[Event "GBR-ch111 Over 50"]
[Site "Liverpool"]
[Date "2025.08.07"]
[Round "4.28"]
[White "Aitchison, A Keith"]
[Black "Lynch, Chris"]
[Result "1/2-1/2"]
[WhiteElo "1757"]
[BlackElo "1615"]
[PlyCount "45"]
[EventDate "2025.08.04"]
[EventType "swiss"]
[EventRounds "7"]
[EventCountry "GBR"]
[SourceTitle "BritBase"]
[Source "John Saunders"]
[SourceDate "2025.08.11"]
[SourceVersion "1"]
[SourceVersionDate "2025.08.11"]
[SourceQuality "1"]

1. e4 c5 2. a3 d6 3. b4 b6 4. bxc5 bxc5 5. Nc3 Nc6 6. Rb1 Nf6 7. Nf3 e5 8. Bb5 Bd7 9. O-O Be7 10. d3 O-O 11. Ne2 Rb8 12. Bg5 Qa5 13. Bd2 Qc7 14. c3 Rb6 15. Qc2 Rfb8 16. Bxc6 Bxc6 17. c4 Qb7 18. Nc3 Rb2 19. Rxb2 Qxb2 20. Qxb2 Rxb2 21. Rb1 Rxb1+ 22. Nxb1 Ba4 23. Nc3 1/2-1/2

[Event "GBR-ch111 Over 50"]
[Site "Liverpool"]
[Date "2025.08.07"]
[Round "4.29"]
[White "Slegg, Gary"]
[Black "Tuke, David"]
[Result "0-1"]
[WhiteElo "1622"]
[BlackElo "1722"]
[PlyCount "95"]
[EventDate "2025.08.04"]
[EventType "swiss"]
[EventRounds "7"]
[EventCountry "GBR"]
[SourceTitle "BritBase"]
[Source "John Saunders"]
[SourceDate "2025.08.11"]
[SourceVersion "1"]
[SourceVersionDate "2025.08.11"]
[SourceQuality "1"]

1. e4 e6 2. Qe2 c5 3. Nf3 Nc6 4. g3 g6 5. Bg2 Bg7 6. O-O d6 7. d3 Nge7 8. c3 O-O 9. Re1 e5 10. a3 a5 11. a4 Bg4 12. h3 Bd7 13. Nbd2 Qc8 14. Nc4 Qc7 15. Bg5 f6 16. Be3 Rae8 17. Ra3 Nc8 18. Ncd2 b6 19. Nf1 N8e7 20. N1h2 f5 21. Qd2 Nd8 22. h4 Ne6 23. h5 f4 24. hxg6 Nxg6 25. Kf1 Qd8 26. Qe2 fxe3 27. Qxe3 Rf7 28. Ke2 Ref8 29. Raa1 h6 30. Rf1 Ng5 31. b3 Nxf3 32. Bxf3 Be6 33. Bh5 Rf6 34. Ng4 Bxg4+ 35. Bxg4 Qe7 36. Bf5 Qf7 37. c4 Ne7 38. g4 Nxf5 39. gxf5 Qh5+ 40. f3 Qg5 41. Qxg5 hxg5 42. Rg1 Bh6 43. Rg4 R6f7 44. Rh1 Rh7 45. Kf2 Kf7 46. Rxg5 Rfh8 47. Rgh5 Be3+ 48. Ke1 0-1

[Event "GBR-ch111 Over 50"]
[Site "Liverpool"]
[Date "2025.08.07"]
[Round "4.30"]
[White "Strugar, Ioan"]
[Black "White, Nicholas E"]
[Result "1-0"]
[WhiteElo "1659"]
[BlackElo "1706"]
[PlyCount "127"]
[EventDate "2025.08.04"]
[EventType "swiss"]
[EventRounds "7"]
[EventCountry "GBR"]
[SourceTitle "BritBase"]
[Source "John Saunders"]
[SourceDate "2025.08.11"]
[SourceVersion "1"]
[SourceVersionDate "2025.08.11"]
[SourceQuality "1"]

1. e4 c6 2. Bc4 d5 3. Bb3 dxe4 4. Qh5 e6 5. Nc3 Nf6 6. Qh4 Be7 7. Nxe4 Nxe4 8. Qxe4 Nd7 9. d4 Nf6 10. Qd3 Nd5 11. c3 Bd7 12. Nf3 Rc8 13. Bc2 c5 14. O-O cxd4 15. Nxd4 Nf6 16. Re1 a6 17. h3 Qc7 18. Bg5 Qc5 19. Bf4 O-O 20. Be5 g6 21. Qf3 Nh5 22. g4 Ng7 23. Rad1 f6 24. Bg3 e5 25. Nb3 Bc6 26. Be4 Bxe4 27. Qxe4 Qb5 28. Rd5 Qb6 29. Red1 Ne6 30. Rd7 Ng5 31. Qxb7 Qxb7 32. Rxb7 Rcd8 33. Rdd7 Rxd7 34. Rxd7 Re8 35. Kg2 e4 36. Ra7 f5 37. Rxa6 Nf3 38. Nd4 Nxd4 39. cxd4 Bg5 40. h4 Bc1 41. b3 fxg4 42. d5 e3 43. fxe3 Bxe3 44. d6 Rd8 45. Rc6 Kf8 46. Rc7 h5 47. Be1 Bf4 48. Bb4 Bxd6 49. Bxd6+ Rxd6 50. a4 Rd2+ 51. Kg1 Rd3 52. b4 Rd4 53. Rb7 g3 54. a5 Rd1+ 55. Kg2 Rd4 56. a6 Rxh4 57. a7 Rh2+ 58. Kxg3 Ra2 59. Rb8+ Kf7 60. a8=Q Rxa8 61. Rxa8 g5 62. Ra6 Ke7 63. Rc6 Kd7 64. Rc1 1-0

[Event "GBR-ch111 Over 50"]
[Site "Liverpool"]
[Date "2025.08.08"]
[Round "5.1"]
[White "Okike, David C"]
[Black "Arkell, Keith C"]
[Result "0-1"]
[WhiteElo "2165"]
[BlackElo "2363"]
[PlyCount "124"]
[EventDate "2025.08.04"]
[EventType "swiss"]
[EventRounds "7"]
[EventCountry "GBR"]
[SourceTitle "BritBase"]
[Source "John Saunders"]
[SourceDate "2025.08.11"]
[SourceVersion "1"]
[SourceVersionDate "2025.08.11"]
[SourceQuality "1"]

1. e4 c6 2. d4 d5 3. e5 Bf5 4. Nf3 e6 5. Be2 Bg4 6. Nbd2 Ne7 7. h3 Bxf3 8. Nxf3 c5 9. O-O cxd4 10. Nxd4 Nbc6 11. Nf3 Ng6 12. Bb5 a6 13. Bxc6+ bxc6 14. c4 Be7 15. Qa4 Qd7 16. Rd1 O-O 17. cxd5 exd5 18. Be3 Rfc8 19. Rac1 Qb7 20. Qd4 Nf8 21. b3 Ne6 22. Qg4 a5 23. Nd4 Nxd4 24. Rxd4 c5 25. Bh6 Bf8 26. Rd3 Ra6 27. Bf4 d4 28. Bg3 Re8 29. f4 Qe4 30. Rf3 g6 31. Re1 Qf5 32. Qxf5 gxf5 33. Bf2 Rb8 34. Rd1 a4 35. Rdd3 axb3 36. axb3 Ra1+ 37. Kh2 f6 38. Bh4 Kf7 39. Bxf6 h5 40. Kg3 Ra2 41. Rf2 Rxf2 42. Kxf2 Ke6 43. Kf3 Kd5 44. g3 Rb7 45. Bd8 Rd7 46. Bb6 Rb7 47. Ba5 Ra7 48. Bd8 Ra3 49. Bf6 Ra1 50. Bd8 c4 51. bxc4+ Kxc4 52. Rd2 d3 53. e6 Re1 54. Bf6 Rxe6 55. Be5 Bb4 56. Rd1 d2 57. g4 hxg4+ 58. hxg4 fxg4+ 59. Ke4 Re8 60. Ke3 g3 61. Ke4 g2 62. Ke3 Rg8 0-1

[Event "GBR-ch111 Over 50"]
[Site "Liverpool"]
[Date "2025.08.08"]
[Round "5.2"]
[White "Merriman, John"]
[Black "McMichael, Richard J"]
[Result "1-0"]
[WhiteElo "2202"]
[BlackElo "2112"]
[PlyCount "85"]
[EventDate "2025.08.04"]
[EventType "swiss"]
[EventRounds "7"]
[EventCountry "GBR"]
[SourceTitle "BritBase"]
[Source "John Saunders"]
[SourceDate "2025.08.11"]
[SourceVersion "1"]
[SourceVersionDate "2025.08.11"]
[SourceQuality "1"]

1. d4 e6 2. c4 f5 3. g3 Nf6 4. Bg2 d5 5. Qc2 Be7 6. Nh3 Nc6 7. e3 O-O 8. O-O Ne4 9. f3 Ng5 10. Nf4 Nb4 11. Qb3 c6 12. Nc3 Nf7 13. Rd1 g5 14. Nfe2 Na6 15. e4 dxc4 16. Qxc4 Nd6 17. Qd3 Bd7 18. Be3 Be8 19. Bf2 Bg6 20. Qc2 Nc7 21. Rac1 Qe8 22. Qb3 fxe4 23. Nxe4 Rb8 24. N2c3 Qf7 25. Re1 Nf5 26. Nc5 Bxc5 27. dxc5 Nd5 28. Ne4 h6 29. Re2 Qg7 30. Qc4 Rbd8 31. Nd6 b5 32. Nxf5 exf5 33. Qb3 f4 34. Rce1 Bf7 35. Qa3 fxg3 36. hxg3 Bh5 37. Re6 Rf6 38. Qa5 Rff8 39. Rxc6 Rde8 40. Rxe8 Bxe8 41. Rd6 Bf7 42. Qd2 Qe5 43. Rxh6 1-0

[Event "GBR-ch111 Over 50"]
[Site "Liverpool"]
[Date "2025.08.08"]
[Round "5.3"]
[White "Dougherty, Michael"]
[Black "Crocker, Philip J"]
[Result "1-0"]
[WhiteElo "2076"]
[BlackElo "2155"]
[PlyCount "85"]
[EventDate "2025.08.04"]
[EventType "swiss"]
[EventRounds "7"]
[EventCountry "GBR"]
[SourceTitle "BritBase"]
[Source "John Saunders"]
[SourceDate "2025.08.11"]
[SourceVersion "1"]
[SourceVersionDate "2025.08.11"]
[SourceQuality "1"]

1. d4 d5 2. c4 c6 3. Nf3 Nf6 4. Nbd2 Bf5 5. g3 e6 6. Bg2 h6 7. O-O Be7 8. b3 O-O 9. Bb2 Nbd7 10. Ne5 Nxe5 11. dxe5 Nd7 12. e4 dxe4 13. Nxe4 Bxe4 14. Bxe4 Nc5 15. Bc2 Qxd1 16. Raxd1 a5 17. Bc3 b5 18. a4 b4 19. Bd4 Rfd8 20. Kg2 Bf8 21. f4 Rac8 22. g4 Nd7 23. h4 Bc5 24. Bb2 Nf8 25. Be4 Be3 26. Kf3 Bb6 27. h5 c5 28. g5 hxg5 29. fxg5 Rxd1 30. Rxd1 Rd8 31. Rd6 Bc7 32. Rc6 Rd2 33. Bc1 Rd1 34. Be3 Bxe5 35. Bxc5 Rd8 36. Bb6 Rb8 37. Bxa5 Nd7 38. Ke2 Bf4 39. Bc7 Bxc7 40. Rxc7 Ne5 41. a5 f5 42. gxf6 gxf6 43. a6 1-0

[Event "GBR-ch111 Over 50"]
[Site "Liverpool"]
[Date "2025.08.08"]
[Round "5.4"]
[White "Ledger, Stephen C"]
[Black "Duncan, Chris R"]
[Result "1/2-1/2"]
[WhiteElo "2033"]
[BlackElo "2196"]
[PlyCount "112"]
[EventDate "2025.08.04"]
[EventType "swiss"]
[EventRounds "7"]
[EventCountry "GBR"]
[SourceTitle "BritBase"]
[Source "John Saunders"]
[SourceDate "2025.08.11"]
[SourceVersion "1"]
[SourceVersionDate "2025.08.11"]
[SourceQuality "1"]

1. d4 d5 2. Bf4 c5 3. e3 cxd4 4. exd4 Nc6 5. c3 Bf5 6. Nf3 e6 7. Nbd2 Bd6 8. Bxd6 Qxd6 9. Be2 Nf6 10. Nh4 Bg6 11. O-O O-O 12. Nxg6 hxg6 13. Re1 Rab8 14. a4 Qc7 15. Bd3 a6 16. Nf3 b5 17. axb5 axb5 18. b4 Ne7 19. Qd2 Rfc8 20. Ra3 Nf5 21. Ne5 Nd6 22. f3 Ra8 23. Rea1 Rxa3 24. Rxa3 Nd7 25. Nxd7 Qxd7 26. Qe2 Qc6 27. g3 Qb6 28. Kg2 Qb7 29. Kf2 Nc4 30. Bxc4 Rxc4 31. Qe5 Rc8 32. f4 Qc6 33. Qe2 Qb6 34. Qd3 Qc6 35. Kg2 Qb7 36. Qe2 Rc6 37. Qd3 Ra6 38. Rxa6 Qxa6 39. h4 Qa4 40. Kh3 Kf8 41. Kg4 Ke7 42. Kf3 Qa1 43. Kg2 Qa2+ 44. Kh3 Qa4 45. Kg2 Kd6 46. Kh3 Kc6 47. Qd2 Qa1 48. Kg2 Qb1 49. Kh2 Qb3 50. Kg2 Qb1 51. Kh2 Qf1 52. Qa2 Kb7 53. Qa5 Qc4 54. Qd8 Qe2+ 55. Kh3 Qf1+ 56. Kh2 Qe2+ 1/2-1/2

[Event "GBR-ch111 Over 50"]
[Site "Liverpool"]
[Date "2025.08.08"]
[Round "5.5"]
[White "Baker, Chris W"]
[Black "Brown, Alan M"]
[Result "1-0"]
[WhiteElo "2187"]
[BlackElo "1935"]
[PlyCount "71"]
[EventDate "2025.08.04"]
[EventType "swiss"]
[EventRounds "7"]
[EventCountry "GBR"]
[SourceTitle "BritBase"]
[Source "John Saunders"]
[SourceDate "2025.08.11"]
[SourceVersion "1"]
[SourceVersionDate "2025.08.11"]
[SourceQuality "1"]

1. e4 e5 2. Nf3 Nc6 3. Bb5 a6 4. Ba4 Nf6 5. O-O Be7 6. d3 d6 7. c3 O-O 8. h3 b5 9. Bb3 d5 10. Bg5 Be6 11. Qe2 dxe4 12. Bxf6 exf3 13. Qxf3 Qd7 14. Bxe7 Nxe7 15. Bxe6 Qxe6 16. Re1 Qd6 17. a4 Rad8 18. axb5 axb5 19. Ra7 Ng6 20. Na3 b4 21. Nc4 Qc5 22. Ra5 Qe7 23. d4 bxc3 24. bxc3 f6 25. Qc6 Qf7 26. Ra7 exd4 27. Rxc7 Qd5 28. Qxd5+ Rxd5 29. cxd4 Rxd4 30. Rb1 Nf4 31. Ne3 Rdd8 32. Rbb7 Ne6 33. Re7 Rfe8 34. Nf5 Kf8 35. Rf7+ Kg8 36. Nxg7 1-0

[Event "GBR-ch111 Over 50"]
[Site "Liverpool"]
[Date "2025.08.08"]
[Round "5.6"]
[White "Jaszkiwskyj, Peter"]
[Black "Brett, Andrew R"]
[Result "1-0"]
[WhiteElo "1889"]
[BlackElo "2061"]
[PlyCount "69"]
[EventDate "2025.08.04"]
[EventType "swiss"]
[EventRounds "7"]
[EventCountry "GBR"]
[SourceTitle "BritBase"]
[Source "John Saunders"]
[SourceDate "2025.08.11"]
[SourceVersion "1"]
[SourceVersionDate "2025.08.11"]
[SourceQuality "1"]

1. d4 Nf6 2. Nf3 d5 3. c4 e6 4. Bg5 Nbd7 5. e3 h6 6. Bh4 Bb4+ 7. Nc3 c5 8. a3 Bxc3+ 9. bxc3 Qa5 10. Qb3 O-O 11. Nd2 cxd4 12. cxd4 dxc4 13. Bxc4 e5 14. Bxf6 Nxf6 15. dxe5 Ne4 16. Rd1 Bg4 17. f3 Nxd2 18. Rxd2 Rad8 19. Qb4 Qxe5 20. Ke2 Rxd2+ 21. Qxd2 Bf5 22. Qd4 Qa5 23. Rd1 Qxa3 24. Ra1 Qe7 25. Rxa7 Qc7 26. e4 Rd8 27. Rxb7 Qa5 28. Bxf7+ Kh8 29. Bd5 Bd7 30. Qb6 Qxb6 31. Rxb6 Kh7 32. Ke3 Rc8 33. h4 g5 34. hxg5 hxg5 35. Rb7 1-0

[Event "GBR-ch111 Over 50"]
[Site "Liverpool"]
[Date "2025.08.08"]
[Round "5.7"]
[White "Farrell, Neil R"]
[Black "Moyse, Nigel J"]
[Result "1-0"]
[WhiteElo "2134"]
[BlackElo "1944"]
[PlyCount "41"]
[EventDate "2025.08.04"]
[EventType "swiss"]
[EventRounds "7"]
[EventCountry "GBR"]
[SourceTitle "BritBase"]
[Source "John Saunders"]
[SourceDate "2025.08.11"]
[SourceVersion "1"]
[SourceVersionDate "2025.08.11"]
[SourceQuality "1"]

1. d4 d5 2. c4 c6 3. Nf3 Nf6 4. e3 Bf5 5. Nc3 e6 6. Nh4 Bg4 7. Qb3 b6 8. h3 Bh5 9. g4 Nfd7 10. cxd5 cxd5 11. Nxd5 Nc6 12. gxh5 exd5 13. Nf3 Bb4+ 14. Bd2 Bxd2+ 15. Kxd2 Ne7 16. Bd3 h6 17. Rhg1 O-O 18. Rg2 Nf6 19. Rag1 Nxh5 20. Ne5 Qd6 21. Qd1 1-0

[Event "GBR-ch111 Over 50"]
[Site "Liverpool"]
[Date "2025.08.08"]
[Round "5.8"]
[White "Alldritt, Nigel RE"]
[Black "Neave, George"]
[Result "0-1"]
[WhiteElo "1888"]
[BlackElo "2066"]
[PlyCount "68"]
[EventDate "2025.08.04"]
[EventType "swiss"]
[EventRounds "7"]
[EventCountry "GBR"]
[SourceTitle "BritBase"]
[Source "John Saunders"]
[SourceDate "2025.08.11"]
[SourceVersion "1"]
[SourceVersionDate "2025.08.11"]
[SourceQuality "1"]

1. d4 Nf6 2. c4 g6 3. g3 Bg7 4. Bg2 O-O 5. Nc3 d6 6. Nf3 c5 7. d5 e6 8. O-O Re8 9. dxe6 Bxe6 10. Ng5 Bxc4 11. Bxb7 Nbd7 12. Bxa8 Qxa8 13. Bf4 h6 14. Nxf7 Bxf7 15. Nb5 Nd5 16. Nxd6 Nxf4 17. gxf4 Rf8 18. Nxf7 Rxf7 19. Qd2 Qe4 20. Rad1 Bd4 21. e3 Qf3 22. Rfe1 Qg4+ 23. Kf1 Bg7 24. Qe2 Qh3+ 25. Kg1 g5 26. Qf1 Qh4 27. Qc4 gxf4 28. Kh1 Ne5 29. Qd5 Qxf2 30. Qa8+ Rf8 31. Qd5+ Kh8 32. Rf1 Qxe3 33. Rde1 Qd4 34. Rd1 Qxd5+ 0-1

[Event "GBR-ch111 Over 50"]
[Site "Liverpool"]
[Date "2025.08.08"]
[Round "5.9"]
[White "Baer, Bruce L"]
[Black "Smith, Jeff R"]
[Result "1-0"]
[WhiteElo "1938"]
[BlackElo "2050"]
[PlyCount "53"]
[EventDate "2025.08.04"]
[EventType "swiss"]
[EventRounds "7"]
[EventCountry "GBR"]
[SourceTitle "BritBase"]
[Source "John Saunders"]
[SourceDate "2025.08.11"]
[SourceVersion "1"]
[SourceVersionDate "2025.08.11"]
[SourceQuality "1"]

1. e4 e6 2. d3 d5 3. Nd2 c5 4. Ngf3 Nc6 5. g3 g6 6. Bg2 Bg7 7. O-O Nge7 8. c3 b6 9. Re1 a5 10. e5 Qc7 11. Qe2 g5 12. Nxg5 Qxe5 13. Nde4 dxe4 14. Bf4 Qd5 15. Bxe4 Qd7 16. d4 cxd4 17. cxd4 Bb7 18. Qh5 Ng6 19. d5 Nd4 20. dxe6 Nxe6 21. Nxe6 fxe6 22. Rad1 Qf7 23. Qb5+ Kf8 24. Rd7 Qe8 25. Bd6+ Kg8 26. Bxb7 Rd8 27. Bc6 1-0